[Event "Wch Seniors 65 26th"]
[Site "Marianske Lazne"]
[Date "2016.11.20"]
[Round "2"]
[White "Kosina, Vladimir"]
[Black "Drozdov, Vladimir E"]
[Result "0-1"]
[WhiteElo "1715"]
[BlackElo "1919"]
[PlyCount "102"]
[EventDate "2016.11.19"]
[EventType "swiss"]
[EventRounds "11"]
[EventCountry "CZE"]
[SourceTitle "CBM 175 Extra"]
[Source "ChessBase"]
[SourceDate "2016.12.12"]
[SourceVersion "1"]
[SourceVersionDate "2016.12.12"]
[SourceQuality "1"]

1. e4 d5 2. exd5 Nf6 3. Nf3 Nxd5 4. d4 Bg4 5. Be2 e6 6. 0-0 Nc6 7. c3 Be7 8. Re1 0-0 9. Nbd2 Qd7 10. Ne5 Nxe5 11. dxe5 Bxe2 12. Qxe2 Nf4 13. Qf3 Nd3 14. Re2 Rfd8 15. g3 Bg5 16. h4 Nxe5 17. Rxe5 Bxd2 18. Bxd2 Qxd2 19. Re2 Qd5 20. Qf4 Rd7 21. b3 Rad8 22. Rae1 h6 23. Qe3 b6 24. c4 Qa5 25. Kg2 Rd3 26. Qe5 Qxe5 27. Rxe5 Rd2 28. R5e2 Kf8 29. Kf1 Ke7 30. Rxd2 Rxd2 31. Re2 Rd1+ 32. Kg2 Kd6 33. f4 Rd3 34. Kf2 Kc5 35. h5 Kd4 36. g4 Kc3 37. g5 Rd2 38. Rxd2 Kxd2 39. Kf3 Kd3 40. a4 c5 41. Kg4 Ke4 42. g6 fxg6 43. hxg6 a5 44. Kg3 Kf5 45. Kf3 Kxg6 46. Ke4 Kf6 47. f5 exf5+ 48. Kd5 f4 49. Kc6 f3 50. Kxb6 f2 51. Kxc5 f1Q 0-1

[Event "Pardubice Czech op-B 26th"]
[Site "Pardubice"]
[Date "2015.08.01"]
[Round "9"]
[White "Sharafutdinov, Ayrat"]
[Black "Drozdov, Vladimir E"]
[Result "1-0"]
[WhiteElo "2156"]
[BlackElo "1973"]
[PlyCount "38"]
[EventDate "2015.07.24"]
[EventType "swiss"]
[EventRounds "9"]
[EventCountry "CZE"]
[SourceTitle "EXT 2017"]
[Source "ChessBase"]
[SourceDate "2016.10.25"]
[SourceVersion "1"]
[SourceVersionDate "2016.10.25"]
[SourceQuality "1"]

1. Nf3 d5 2. d4 Nf6 3. g3 e6 4. Bg2 Nbd7 5. 0-0 Be7 6. c4 0-0 7. Qc2 c6 8. Bf4 b6 9. cxd5 cxd5 10. Nc3 Ba6 11. Qa4 Qc8 12. Rfc1 Qb7 13. Nb5 Bxb5 14. Qxb5 Rfc8 15. Ne5 Nxe5 16. Bxe5 Rxc1+ 17. Rxc1 Rc8 18. Re1 h6 19. Bf4 Rc4 1-0

[Event "Prague Summer op 1st"]
[Site "Prague"]
[Date "2014.08.12"]
[Round "4"]
[White "Katzir, Moshe"]
[Black "Drozdov, Vladimir E"]
[Result "1-0"]
[WhiteElo "2169"]
[BlackElo "1981"]
[PlyCount "59"]
[EventDate "2014.08.09"]
[EventType "swiss"]
[EventRounds "9"]
[EventCountry "CZE"]
[SourceTitle "CBM 162 Extra"]
[Source "ChessBase"]
[SourceDate "2014.10.17"]
[SourceVersion "1"]
[SourceVersionDate "2014.10.17"]
[SourceQuality "1"]

1. e4 e5 2. Nf3 Nc6 3. Bc4 Nf6 4. d3 Be7 5. 0-0 d6 6. a4 Bg4 7. c3 Qd7 8. a5 0-0 9. Re1 a6 10. h3 Bh5 11. Nbd2 Rfd8 12. Nf1 d5 13. exd5 Nxd5 14. Ng3 Bxf3 15. Qxf3 h6 16. Nf5 Bf8 17. Re4 Kh7 18. Rh4 Nce7 19. Nxh6 Ng6 20. Nxf7+ Nxh4 21. Qh5+ Kg8 22. Nxd8 Rxd8 23. Qxh4 c6 24. Bg5 Re8 25. Re1 Qc7 26. d4 Qxa5 27. Bd3 Re6 28. Bf5 Rd6 29. Qh7+ Kf7 30. dxe5 1-0

[Event "Prague Summer op 1st"]
[Site "Prague"]
[Date "2014.08.11"]
[Round "3"]
[White "Drozdov, Vladimir E"]
[Black "Hoppe, Andreas"]
[Result "1-0"]
[WhiteElo "1981"]
[BlackElo "1736"]
[PlyCount "61"]
[EventDate "2014.08.09"]
[EventType "swiss"]
[EventRounds "9"]
[EventCountry "CZE"]
[SourceTitle "CBM 162 Extra"]
[Source "ChessBase"]
[SourceDate "2014.10.17"]
[SourceVersion "1"]
[SourceVersionDate "2014.10.17"]
[SourceQuality "1"]

1. e4 e6 2. d4 d5 3. Nd2 Nf6 4. e5 Nfd7 5. Bd3 c5 6. c3 Nc6 7. Ne2 Qb6 8. Nf3 Be7 9. 0-0 0-0 10. Nf4 Kh8 11. Bc2 cxd4 12. cxd4 Qc7 13. h4 Nb6 14. h5 Nb4 15. Bb1 Nc4 16. a3 Nc6 17. Qd3 g6 18. hxg6 fxg6 19. g3 Rg8 20. Kg2 Bd7 21. Rh1 Be8 22. Nxe6 Qd7 23. Nfg5 Bxg5 24. Nxg5 Rg7 25. b3 Nb6 26. Bf4 Bf7 27. Bc2 Be6 28. Nxh7 Rxh7 29. Rxh7+ Kxh7 30. Qxg6+ Kh8 31. Rh1+ 1-0

[Event "Pardubice op-B"]
[Site "Pardubice"]
[Date "2009.07.26"]
[Round "3"]
[White "Drozdov, Vladimir E"]
[Black "Trenner, Rolf"]
[Result "0-1"]
[WhiteElo "2095"]
[BlackElo "2251"]
[PlyCount "72"]
[EventDate "2009.07.24"]
[EventType "swiss"]
[EventRounds "9"]
[EventCountry "CZE"]
[SourceTitle "CBM 131 Extra"]
[Source "ChessBase"]
[SourceDate "2009.09.03"]
[SourceVersion "2"]
[SourceVersionDate "2009.09.16"]
[SourceQuality "1"]

1. e4 e5 2. Nc3 Nc6 3. f4 d6 4. Nf3 Bg4 5. Bb5 a6 6. Bxc6+ bxc6 7. 0-0 exf4 8. d4 g5 9. Qd3 Bg7 10. Qc4 Bxf3 11. Rxf3 Qd7 12. g3 fxg3 13. Bxg5 f6 14. Bh4 gxh2+ 15. Kh1 Ne7 16. Raf1 Rf8 17. Qd3 Qg4 18. Rg3 Qxh4 19. Rxg7 Rg8 20. Rxg8+ Nxg8 21. Qc4 0-0-0 22. Qxc6 Ne7 23. Qxa6+ Kd7 24. Qb5+ Kc8 25. a4 Rg8 26. Qe2 Rg3 27. Nd5 Nxd5 28. exd5 Rg1+ 29. Rxg1 hxg1Q+ 30. Kxg1 Qxd4+ 31. Kf1 Qxa4 32. c4 Kb7 33. Kf2 Qb3 34. Ke1 Qg3+ 35. Kd1 Qe5 36. Qc2 Qh5+ 0-1

[Event "EU-ch Seniors 07th"]
[Site "Hockenheim"]
[Date "2007.06.08"]
[Round "7"]
[White "Drozdov, Vladimir E"]
[Black "Ofstad, Per"]
[Result "1-0"]
[WhiteElo "2094"]
[BlackElo "2169"]
[PlyCount "120"]
[EventDate "2007.06.02"]
[EventType "swiss"]
[EventRounds "9"]
[EventCountry "GER"]
[SourceTitle "CBM 118 Extra"]
[Source "ChessBase"]
[SourceDate "2007.07.04"]
[SourceVersion "1"]
[SourceVersionDate "2007.07.04"]
[SourceQuality "1"]

1. e4 c6 2. d4 d5 3. Nc3 dxe4 4. Nxe4 Bf5 5. Ng3 Bg6 6. h4 h6 7. Nf3 Nd7 8. h5 Bh7 9. Bd3 Bxd3 10. Qxd3 Ngf6 11. Bf4 Qa5+ 12. Bd2 Qc7 13. 0-0-0 e6 14. Qe2 0-0-0 15. c4 Bd6 16. Ne4 Nxe4 17. Qxe4 Nf6 18. Qe2 c5 19. Bc3 Rhe8 20. Kb1 Re7 21. a3 Qc6 22. dxc5 Qxc5 23. Bd4 Qa5 24. c5 Bc7 25. Ne5 Rd5 26. Nc4 Qa4 27. Bxf6 Rxd1+ 28. Rxd1 gxf6 29. Nd6+ Kb8 30. Qf3 Qc6 31. Qxf6 Rd7 32. Qd4 Qxg2 33. Qh8+ Rd8 34. Qxh6 Qf3 35. Rd2 Ba5 36. Rc2 Bc7 37. Qg5 f6 38. Qg6 Bxd6 39. cxd6 Qd1+ 40. Rc1 Qxd6 41. Qxf6 Qd3+ 42. Ka1 Qd2 43. Qe5+ Ka8 44. Qc3 Qxc3 45. Rxc3 Kb8 46. Rh3 Kc7 47. Kb1 Rh8 48. Kc2 Kd6 49. Kd3 Ke5 50. Ke3 Rh6 51. f4+ Kf5 52. Kf3 Rh7 53. h6 Kg6 54. Ke4 Kf6 55. Rh2 b6 56. a4 a6 57. b4 a5 58. b5 e5 59. fxe5+ Ke6 60. Rh5 Rc7 1-0

[Event "EU-ch Seniors 05th"]
[Site "Bad Homburg"]
[Date "2005.??.??"]
[Round "5"]
[White "Drozdov, Vladimir E"]
[Black "Khanukov, Boris"]
[Result "1/2-1/2"]
[WhiteElo "2191"]
[BlackElo "2390"]
[PlyCount "75"]
[EventDate "2005.06.25"]
[EventType "swiss"]
[EventRounds "9"]
[EventCountry "GER"]
[SourceTitle "EXT 2006"]
[Source "ChessBase"]
[SourceDate "2005.11.24"]
[SourceVersion "1"]
[SourceVersionDate "2005.11.24"]
[SourceQuality "1"]

1. e4 g6 2. d4 Bg7 3. Nf3 d6 4. Be2 Nf6 5. Nc3 0-0 6. 0-0 a6 7. Bg5 b5 8. a3 Bb7 9. Bd3 Nbd7 10. Re1 c5 11. d5 h6 12. Bf4 Ng4 13. Qd2 Kh7 14. Rad1 Qa5 15. Bf1 Nge5 16. Nxe5 Nxe5 17. Bg3 Bc8 18. f4 Nc4 19. Bxc4 bxc4 20. e5 Bf5 21. Qe2 Rab8 22. Rb1 Rb7 23. Ne4 Rfb8 24. exd6 Bxe4 25. Qxe4 exd6 26. f5 Rxb2 27. Rxb2 Rxb2 28. fxg6+ fxg6 29. Bxd6 Qd2 30. Bxc5 Rxc2 31. h4 h5 32. d6 Rb2 33. Rf1 Rb5 34. Rf7 Rxc5 35. Rxg7+ Kxg7 36. Qe7+ Kh6 37. Qf8+ Kh7 38. Qf7+ 1/2-1/2

[Event "EU-ch Seniors 05th"]
[Site "Bad Homburg"]
[Date "2005.??.??"]
[Round "8"]
[White "Klundt, Klaus"]
[Black "Drozdov, Vladimir E"]
[Result "1-0"]
[WhiteElo "2392"]
[BlackElo "2191"]
[PlyCount "125"]
[EventDate "2005.06.25"]
[EventType "swiss"]
[EventRounds "9"]
[EventCountry "GER"]
[SourceTitle "EXT 2006"]
[Source "ChessBase"]
[SourceDate "2005.11.24"]
[SourceVersion "1"]
[SourceVersionDate "2005.11.24"]
[SourceQuality "1"]

1. e4 e5 2. Nf3 Nc6 3. Bb5 a6 4. Ba4 Nf6 5. 0-0 Nxe4 6. d4 b5 7. Bb3 d5 8. dxe5 Be6 9. Qe2 Be7 10. Rd1 0-0 11. c4 bxc4 12. Bxc4 Bc5 13. Be3 Bxe3 14. Qxe3 Qb8 15. Bb3 Na5 16. Nbd2 Qa7 17. Rac1 Qxe3 18. fxe3 Nxb3 19. Nxb3 Rfc8 20. Nc5 Nxc5 21. Rxc5 Rab8 22. b3 Rb5 23. Rdc1 Rxc5 24. Rxc5 Kf8 25. b4 Ke7 26. Nd4 Kd7 27. a3 Rb8 28. Ra5 Rb6 29. Kf2 Kc8 30. h3 Kb7 31. Rc5 Kb8 32. Kg3 Kb7 33. Kf4 Kb8 34. g4 Kb7 35. h4 Kb8 36. g5 Kb7 37. Nf5 g6 38. Nd4 Kb8 39. Kf3 Kb7 40. Ke2 Kb8 41. Kd2 Kb7 42. Kd3 Kb8 43. Kc3 Kb7 44. a4 Kc8 45. a5 Rb8 46. b5 axb5 47. Nxb5 Kd8 48. Nxc7 Rb1 49. Nxe6+ fxe6 50. a6 Ra1 51. Rb5 Rxa6 52. Rb8+ Kd7 53. Rb7+ Kc6 54. Rxh7 Ra3+ 55. Kd2 Ra4 56. Re7 Rxh4 57. Rxe6+ Kc5 58. Rxg6 Re4 59. Rg8 Rxe5 60. g6 Re7 61. g7 Rc7 62. Kd3 Kc6 63. Kd4 1-0